02384cam a22004457a 4500003000400000005001700004008003900021020002500060020002200085035002400107040002300131042001400154082002000168100001600188245009800204260007200302300006900374504006000443505040800503520013700911650003901048650005601087650005101143650007301194650006601267650007301333650004601406650006401452650007001516650001401586650002101600650001801621650001801639651004601657651006301703651005301766651007001819651002801889700002101917OSt20240530110421.0110209s2009 ua abe f b 001 0 eng a9780500051597 (hbk.) a0500051593 (hbk.) a(OCoLC)ocn429599102 aEG-CaGPLcEG-CaGPL alccopycat04221a932bCC/Z L0 aZahi Hawass14aThe Noble tombs of Thebes :blife in paradise /cZahi Hawass ; photographs by Sandro Vannini. acairo :aNew York :bThe American University in Cairo Press,c2009. a288 p. :bill. (chiefly col.), maps (some col.), plans ;c35 cm. aIncludes bibliographical references (p. 287) and index.0 aThe eternal house of the soul -- The nobles of the new kingdom at Thebes -- The function and architecture of the Theban tombs -- Art and artists: the decoration of the Theban tombs -- Scenes of earthly life -- From death to eternal life -- Cult rituals, offering meals, and banquets -- Taking it with you: burial equipment -- Explorers and vandals, ancient and modern -- Saving the Valley of the Nobles. aShows the tombs of Thebes, the landscape of the ancient city, and the lives of the nobles who lived there during Egypt's golden age. 0aTombszEgyptzValley of the Kings. 0aTombszEgyptzValley of the KingsvPictorial works. 0aTombsxDecorationzEgyptzValley of the Kings. 0aMural painting and decoration, EgyptianzEgyptzValley of the Kings. 7aGrabzÄgypten (altes)zTheben (Ägypten)vBildband.2idsbb 7aWandmalereizÄgypten (altes)zTheben (Ägypten)vBildband.2idsbb 7aTombszValley of the Kings (Egypt)2sears 7aDecoration and ornamentzValley of the Kings (Egypt)2sears 7aMural painting and decorationzValley of the Kings (Egypt)2sears07aGrab2swd07aWandmalerei2swd07aSperrung2swd07aPublikum2swd 0aValley of the Kings (Egypt)xAntiquities. 0aValley of the Kings (Egypt)xAntiquitiesvPictorial works. 7aValley of the Kings (Egypt)xAntiquities.2sears 7aValley of the Kings (Egypt)xAntiquitiesvPictorial works.2sears 7aTheben (Ägypten)2swd1 aVannini, Sandro.